Estudio preliminar sobre las necesidades y las posibilidades de una red de cooperación regional para las innovaciones educativas para el desarrollo en América Latina y el Caribe

में बचाया:
ग्रंथसूची विवरण
निगमित लेखक: UNESCO
स्वरूप: मूलपाठ
प्रकाशित: París: La Organización
टैग: टैग जोड़ें
कोई टैग नहीं, इस रिकॉर्ड को टैग करने वाले पहले व्यक्ति बनें!

MARC

LEADER 00000 a a2200000 04500
001 16512
003
040
090 |a 029900  
110 |a UNESCO  
245 |a Estudio preliminar sobre las necesidades y las posibilidades de una red de cooperación regional para las innovaciones educativas para el desarrollo en América Latina y el Caribe  
260 |a París:   |b La Organización  
300 |a 20; 3; 3 p.  
300 |b **no definido**  
999 |c 8163  |d 8163